Η διαμόρφωση και η λειτουργία του συστήματος της αυτοδιαχείρισης στη Γιουγκοσλαβία
Αποθηκεύτηκε σε:
| Κύριος συγγραφέας: | |
|---|---|
| Μορφή: | Βιβλίο |
| Γλώσσα: | Greek |
| Δημοσίευση: |
Αθήνα :
Ιδρυμα Μεσογειακών Ερευνών,
1989
|
| Σειρά: | Μορφές σοσιαλιστικού μετασχηματισμού
|
| Θέματα: | |
| Ετικέτες: |
Προσθήκη ετικέτας
Δεν υπάρχουν, Καταχωρήστε ετικέτα πρώτοι!
|
MARC
| LEADER | 00000cam a2200000 i 4500 | ||
|---|---|---|---|
| 001 | 1/49260 | ||
| 008 | 960508s1989 gr | ||| |||| ||gre|| | ||
| 035 | |l 10026807 | ||
| 040 | |a GR-MY-UA |b gre |e aacr | ||
| 041 | 0 | |a gre | |
| 082 | 0 | |a 335.4344 | |
| 100 | 1 | |a Μαρούδας, Λεωνίδας Ε. | |
| 245 | 1 | 2 | |a Η διαμόρφωση και η λειτουργία του συστήματος της αυτοδιαχείρισης στη Γιουγκοσλαβία / |c Λεωνίδα Ε. Μαρούδα |
| 260 | |a Αθήνα : |b Ιδρυμα Μεσογειακών Ερευνών, |c 1989 | ||
| 300 | |a 317 σ. | ||
| 490 | 1 | |a Μορφές σοσιαλιστικού μετασχηματισμού | |
| 500 | |a Περιέχει περίληψη στα αγγλικά | ||
| 650 | 0 | 0 | |a Works councils |z Yugoslavia. |
| 651 | 0 | |a Yugoslavia |x Politics and government |y 1945- | |
| 651 | 0 | |a Yugoslavia |x Social conditions |y 1945- | |
| 830 | 0 | |a Μορφές σοσιαλιστικού μετασχηματισμού | |
| 852 | |a INST |b CHIOS |e 19960508 |h 335.4344 ΜΑΡ |p 005200000141 |q 005200000141 |t BK |y 0 | ||
| 852 | |a INST |b CHIOS |e 19960508 |h 335.4344 ΜΑΡ |p 005200000142 |q 005200000142 |t BK |y 0 | ||
| 909 | |a Χ |b 018541 | ||
| 909 | |a Χ |b 016038 | ||